Antioxidačná aktivita a obsah antioxidantov v biomase a vo víne získaných z ekologicky pestovaného viniča hroznorodého diplomová práca

Gespeichert in:
Bibliographische Detailangaben
1. Verfasser: Lipjanská, Lenka
Format: Buch
Sprache:Slowakisch
Veröffentlicht: Bratislava STU FCHPT 2018
Online-Zugang:Im OPAC anzeigen
Tags: Tag hinzufügen
Keine Tags, Fügen Sie das erste Tag hinzu!

MARC

LEADER 00000nam a2200000 a 4500
005 20260127134420.0
008 180619 2018 xo a 001 0 slo d
035 |a vtls011762777 
039 9 |y 201806190956  |z mschk03 
040 |a STUSCHK1  |b slo  |c STUSCHK1  |e AACR2 
100 1 |a Lipjanská, Lenka 
245 1 |a Antioxidačná aktivita a obsah antioxidantov v biomase a vo víne získaných z ekologicky pestovaného viniča hroznorodého  |b diplomová práca  |c Lenka Lipjanská 
260 |a Bratislava  |b STU FCHPT  |c 2018 
300 |a 61 s.  |b il.  |c 25 cm 
500 |a Študijný program: potraviny, hygiena, kozmetika 
500 |a Študijný odbor: potravinárstvo 
500 |a Školiace pracovisko: Oddelenie potravinárskej technológie 
500 |a Evid. číslo: FCHPT-5457-60398 
910 |a SCHK95 
999 |c 12236  |d 12236